| 000 | 00786cam a2200205 4500 | ||
|---|---|---|---|
| 001 | X103590 | ||
| 008 | 000000n2000 000 0 eng u | ||
| 035 | _a(Sirsi) u103590 | ||
| 245 | _aR v East Sussex CC ex parte ARC | ||
| 260 | _c2000 | ||
| 490 |
_aNew Property Cases _v [1999] NPC 111 |
||
| 520 | _aQBD 29 July 1999. Mineral extraction. Power of MPA to impose conditions on old permission. MPA must act within strict time limits. Notice only given when received. TAKEN FROM JOURNAL HEADNOTE. NO PHOTOCOPYING ALLOWED. | ||
| 650 | _aR V SUSSEX CC EX P ARC | ||
| 650 | _aENVIRONMENT ACT 1995 | ||
| 650 | _aPLANNING AND COMPENSATION ACT 1991 | ||
| 650 | _aMINERAL EXTRACTION | ||
| 650 | _aMINERALS PLANNING AUTHORITIES | ||
| 690 | _aMINING AND MINERALS-CASE LAW | ||
| 942 | _n0 | ||
| 999 |
_c62226 _d62226 |
||